| 000 | 00695nam a2200205Ii 4500 | ||
|---|---|---|---|
| 001 | 16062 | ||
| 003 | CO-ViMGA | ||
| 008 | 241108s9999||||xx |||||||||||||| ||und|| | ||
| 020 | _a9789587032291 | ||
| 040 |
_aCO-ViMGA _bspa _erda _cCO-ViMGA |
||
| 041 | 0 | _aunk | |
| 082 | 0 | 4 | _aR 912.909 G26 |
| 245 | 1 | 0 |
_aGeografía y atlas universal : _bgeografía física, humana y económica |
| 264 | 1 | _a[Lugar de publicación no identificado] : Editora Cultural Internacional, [Fecha de publicación no identificada] | |
| 300 | _avolumen | ||
| 336 |
_atext _btxt _2rdacontent |
||
| 337 |
_aunmediated _bn _2rdamedia |
||
| 338 |
_avolume _bnc _2rdacarrier |
||
| 940 | _aidficha_siabuc: 15732. -- ficha_no_siabuc:16062 | ||
| 999 |
_c55792 _d55792 |
||